000 00529nam a22001817a 4500
003 CEME
005 20210628205952.0
008 210209b xxu||||| |||| 00| 0 eng d
020 _a0-470-23436-9
040 _c.
082 _a621.3825 SIN
100 _aSingh, L. P
_977707
245 _aDigital protection protective relaying from electromechanical to microprocessor
260 _aNEWYORK
_bJOHN WILEY
_c1994
300 _a231P
650 _aELECTROMECHANICAL TO MICROPROCESSOR-DIGITAL PROTECTION
_977708
942 _cBK
_2ddc
999 _c582927
_d582927